Sorelle D'italia Roberto allegri e angelo scandurra

保存先:
書誌詳細
第一著者: Ricordo Di Salva Claudio Marchese
フォーマット: 図書
言語:言語不明
出版事項: Edizione Libreria Croce
タグ: タグ追加
タグなし, このレコードへの初めてのタグを付けませんか!

MARC

LEADER 00000nam a2200000Ia 4500
001 R-1584
003 CODICE-MESSINA
005 20260212102509.0
008 260211s9999 xx 000 0 und d
040 |c importazione_messina 
100 |a Ricordo Di Salva Claudio Marchese  
245 0 |a Sorelle D'italia 
245 0 |b Roberto allegri e angelo scandurra 
260 |b Edizione Libreria Croce 
942 |2 ddc  |c BK 
952 |0 0  |1 0  |2 ddc  |4 0  |6 SCAFFALE_15_000000000000000__LGBT_S_R  |7 0  |9 32422  |a ME  |b ME  |d 2026-02-11  |l 0  |o SCAFFALE 15 - LGBT S.R.  |p R-1584  |r 2026-02-11 23:53:10  |w 2026-02-11  |x [REVISIONARE]  |y BK 
999 |c 28089  |d 28089